000 00540nam a2200193Ia 4500
005 20250508164342.0
008 008 250505s9999 xx 000 0 eng d
020 _a81-7596-314-X
037 _aTextual
040 _aFEDL
_beng
_cFEDL
041 _aeng
_2eng
084 _a425, GEE
_qFEDL
100 _aGeetha Nagaraj
_9777910
245 0 _aCourse in grammar and composition
260 _aNew Delhi, India
_bFoundation Books Pvt. Ltd.
_c2006
300 _a348p.
942 _cTEXL
_h425, GEE
999 _c1388678
_d1388678